Capital Flags of the World - Statistics

General Stats
  • This quiz has been taken 10 times
  • The average score is 28 of 119
Answer Stats
Picture Answer % Correct
Dublin
100%
Washington, D.C.
88%
Amsterdam
75%
Castries
75%
Singapore
75%
Bangkok
63%
Kuala Lumpur
63%
Ottawa
63%
Paris
63%
Vatican City
63%
Addis Ababa
50%
Bern
50%
Budapest
50%
Havana
50%
Lisbon
50%
Manila
50%
New Delhi
50%
Abu Dhabi
38%
Andorra la Vella
38%
Athens
38%
Berlin
38%
Brussels
38%
Lima
38%
Moscow
38%
Quito
38%
Reykjavik
38%
Rome
38%
Seoul
38%
Taipei
38%
Tallinn
38%
Tokyo
38%
Ulaanbaatar
38%
Vaduz
38%
Vilnius
38%
Abuja
25%
Accra
25%
Amman
25%
Ankara
25%
Astana
25%
Baghdad
25%
Bissau
25%
Bogotá
25%
Cairo
25%
Chișinău
25%
Helsinki
25%
Islamabad
25%
Kathmandu
25%
Kyiv
25%
Libreville
25%
Luxembourg
25%
Madrid
25%
Minsk
25%
Oslo
25%
Pretoria
25%
Sarajevo
25%
Sofia
25%
Stockholm
25%
Sucre
25%
Windhoek
25%
Antananarivo
13%
Asunción
13%
Beirut
13%
Belgrade
13%
Belmopan
13%
Bucharest
13%
Buenos Aires
13%
Caracas
13%
City of San Marino
13%
Freetown
13%
Georgetown
13%
Harare
13%
Kuwait City
13%
Majuro
13%
Monaco
13%
Nairobi
13%
Nicosia
13%
Panama City
13%
Podgorica
13%
Port Moresby
13%
Pristina
13%
San José
13%
San Salvador
13%
São Tomé
13%
Skopje
13%
Suva
13%
Tegucigalpa
13%
Tehran
13%
Tripoli
13%
Vienna
13%
Warsaw
13%
Wellington
13%
Yerevan
13%
Zagreb
13%
Algiers
0%
Bishkek
0%
Bratislava
0%
Cotonou
0%
Dakar
0%
Funafuti
0%
Gaborone
0%
Guatemala City
0%
Honiara
0%
Kinshasa
0%
Ljubljana
0%
Managua
0%
Maputo
0%
Mogadishu
0%
Monrovia
0%
Port Louis
0%
Port Vila
0%
Prague
0%
Praia
0%
Riga
0%
Santiago
0%
Tashkent
0%
Tblisi
0%
Tirana
0%
Tunis
0%
Valletta
0%
No matching quizzes found
Score Distribution
Percent of People with Each Score
Percentile by Number Answered
Your Score History
You have not taken this quiz